[Event "Oberfranken-ch op 0607"]
[Site "Schney"]
[Date "2007.01.03"]
[Round "3"]
[White "Eisele, Bastian"]
[Black "Reithmeier, Selina"]
[Result "1/2-1/2"]
[WhiteElo "1416"]
[BlackElo "1382"]
[PlyCount "35"]
[EventDate "2007.01.02"]
[EventType "swiss"]
[EventRounds "9"]
[EventCountry "GER"]
[SourceTitle "EXT 2024"]
[Source "ChessBase"]
[SourceDate "2023.10.10"]
[SourceVersion "1"]
[SourceVersionDate "2023.10.10"]
[SourceQuality "1"]

1. Nf3 d5 2. c4 dxc4 3. Qa4+ Nc6 4. Qxc4 Nf6 5. Nc3 e6 6. e4 Nb4 7. Qb3 Bc5 8. a3 Nd3+ 9. Bxd3 Qxd3 10. Qb5+ Qxb5 11. Nxb5 Bb6 12. Nc3 0-0 13. 0-0 Rd8 14. Rd1 Ng4 15. d4 c6 16. h3 Nf6 17. Bg5 Re8 18. Rd2 1/2-1/2

[Event "Oberfranken-ch op 0607"]
[Site "Schney"]
[Date "2007.01.03"]
[Round "4"]
[White "Stoecklein, Matthias"]
[Black "Reithmeier, Selina"]
[Result "1-0"]
[WhiteElo "1689"]
[BlackElo "1382"]
[PlyCount "35"]
[EventDate "2007.01.02"]
[EventType "swiss"]
[EventRounds "9"]
[EventCountry "GER"]
[SourceTitle "EXT 2024"]
[Source "ChessBase"]
[SourceDate "2023.10.10"]
[SourceVersion "1"]
[SourceVersionDate "2023.10.10"]
[SourceQuality "1"]

1. d4 d5 2. Bf4 Nf6 3. e3 Bf5 4. c4 b6 5. Nc3 e6 6. Rc1 c5 7. Nb5 Na6 8. Qa4 Nd7 9. Qxa6 e5 10. dxe5 Rc8 11. cxd5 Nb8 12. Qxa7 Bd7 13. e6 fxe6 14. dxe6 Bxe6 15. Nc7+ Kf7 16. Nxe6+ Kxe6 17. Bc4+ Kf6 18. Qf7# 1-0

[Event "Oberfranken-ch U16"]
[Site "Schney"]
[Date "2006.01.06"]
[Round "7.3"]
[White "Reithmeier, Selina"]
[Black "Voelkel, Patrick"]
[Result "1-0"]
[WhiteElo "1240"]
[BlackElo "1334"]
[PlyCount "40"]
[EventDate "2006.01.02"]
[EventType "swiss"]
[EventRounds "7"]
[EventCountry "GER"]
[SourceTitle "EXT 2019"]
[Source "ChessBase"]
[SourceDate "2018.10.10"]
[SourceVersion "1"]
[SourceVersionDate "2018.10.10"]
[SourceQuality "1"]

1. d4 d5 2. c4 e6 3. c5 Nc6 4. Nf3 Nf6 5. e3 Be7 6. a3 b6 7. b4 0-0 8. Bd3 a5 9. b5 Na7 10. c6 Ne4 11. 0-0 Re8 12. a4 Bd6 13. Nbd2 f5 14. Ne5 Qf6 15. Bb2 Nxd2 16. Qxd2 Qh4 17. f4 Rf8 18. Nf3 Qg4 19. Ne5 Rf6 20. Nxg4 fxg4 1-0

[Event "Oberfranken-ch U16"]
[Site "Schney"]
[Date "2006.01.04"]
[Round "5.2"]
[White "Reithmeier, Selina"]
[Black "Stoecklein, Matthias"]
[Result "0-1"]
[WhiteElo "1240"]
[BlackElo "1445"]
[PlyCount "126"]
[EventDate "2006.01.02"]
[EventType "swiss"]
[EventRounds "7"]
[EventCountry "GER"]
[SourceTitle "EXT 2019"]
[Source "ChessBase"]
[SourceDate "2018.10.10"]
[SourceVersion "1"]
[SourceVersionDate "2018.10.10"]
[SourceQuality "1"]

1. d4 Nf6 2. c4 e6 3. Nf3 b6 4. Bf4 Bb7 5. e3 Ne4 6. a3 Be7 7. Bd3 0-0 8. 0-0 d6 9. b4 Nd7 10. Qc2 f5 11. Nbd2 Nxd2 12. Nxd2 Qe8 13. Bg3 Qh5 14. f3 Rf6 15. Rf2 Rh6 16. Nf1 Bh4 17. Bxh4 Qxh4 18. d5 Ne5 19. g3 Qf6 20. Rd1 Rf8 21. Nd2 Qf7 22. Be2 exd5 23. cxd5 Kh8 24. Rdf1 Bxd5 25. e4 Bb7 26. exf5 Nc6 27. Bd3 Nd4 28. Qb1 Nxf5 29. Bxf5 Qxf5 30. Qxf5 Rxf5 31. g4 Rf8 32. Ne4 Bxe4 33. fxe4 Rhf6 34. Rxf6 Rxf6 35. Rc1 Rf7 36. Kg2 g6 37. b5 Kg7 38. g5 h6 39. gxh6+ Kxh6 40. Kg3 g5 41. Rc6 Kh5 42. Rc3 Re7 43. Rc4 Kg6 44. Kg4 Rf7 45. Kg3 Kf6 46. Kf3 Ke5+ 47. Ke3 Rh7 48. Kf3 Rxh2 49. Kg4 Rh4+ 50. Kxg5 Rxe4 51. Rxc7 Ra4 52. Rc3 d5 53. Re3+ Kd4 54. Kf4 Kc5+ 55. Ke5 Re4+ 56. Rxe4 dxe4 57. Kxe4 Kxb5 58. Kd3 Ka4 59. Kc4 Kxa3 60. Kc3 b5 61. Kc2 b4 62. Kb1 Kb3 63. Ka1 Kc2 0-1

[Event "Oberfranken-ch U16"]
[Site "Schney"]
[Date "2006.01.04"]
[Round "6.5"]
[White "Wurdack, Matthias"]
[Black "Reithmeier, Selina"]
[Result "1/2-1/2"]
[WhiteElo "1172"]
[BlackElo "1240"]
[PlyCount "37"]
[EventDate "2006.01.02"]
[EventType "swiss"]
[EventRounds "7"]
[EventCountry "GER"]
[SourceTitle "EXT 2019"]
[Source "ChessBase"]
[SourceDate "2018.10.10"]
[SourceVersion "1"]
[SourceVersionDate "2018.10.10"]
[SourceQuality "1"]

1. d4 d5 2. c4 b6 3. Nf3 Nf6 4. Bg5 e6 5. a3 Nbd7 6. e3 Be7 7. Bd3 0-0 8. Nc3 c5 9. 0-0 Bb7 10. Rc1 Ne4 11. Bf4 cxd4 12. exd4 Ndf6 13. Ne5 dxc4 14. Bxc4 Rc8 15. Qd3 Nd6 16. Ba2 Nf5 17. Rfd1 Nh5 18. Be3 Bg5 19. Ng4 1/2-1/2